| 000 | 00000nam 2200000za 4500 |
| 001 | 9.696919 |
| 003 | CaOODSP |
| 005 | 20250506145324 |
| 007 | cr ||||||||||| |
| 008 | 150407|1989||||xxc|||||o f|0| 0 eng d |
| 040 | |aCaOODSP|beng |
| 043 | |an-cn--- |
| 086 | 1 |aA15-5269/1989E-PDF |
| 110 | 1 |aCanada.|bAgriculture Canada. |
| 245 | 10|aGrowing together |h[electronic resource] : |ba vision for Canada's agri-food industry |
| 260 | |aOttawa - Ontario : |bAgriculture Canada |cc1989. |
| 300 | |a80p.|bgraphs, tables, photographs |
| 500 | |aPublication 5269 E. |
| 590 | |a12-42-Supp|b2012-11-21 |
| 690 | 07|aAgri-food industry|2gcpds |
| 775 | 08|tPartenaires dans la croissance : |w(CaOODSP)9.640998 |
| 856 | 40|ahttp://publications.gc.ca|qPDF|s5.81 MB|uhttps://publications.gc.ca/collections/collection_2012/agr/A15-5269-1989-eng.pdf |